LEADER 01450nam 2200349 n 450 001 996390438303316 005 20200824121357.0 035 $a(CKB)4940000000099446 035 $a(EEBO)2240865864 035 $a(UnM)99828928e 035 $a(UnM)99828928 035 $a(EXLCZ)994940000000099446 100 $a19950512d1681 uy | 101 0 $alat 135 $aurbn||||a|bb| 200 00$aQuirini Kuhlmanni Kircheriana de arte magna sciendi sive combinatoria$b[electronic resource] $eadmirabilibus quibusdam inventis, sapientia infusa, adamća salomonćaque; post septennalem publicationem orbe Europćo frustra ringente consummatius emissa ad Ludobicum XIV, regem liligerum 210 $aLondini $cimprimuntur a Johan. Gain, pro authore, ac prostant apud Guilielmum Cooper$d1681 215 $a48, 64 p. $cill 300 $aAt head of title: A Z. 300 $a"Quirini Kuhlmanni responsoria de sapientia intusa" has separate dated title page, pagination and register; at head of title: A. Z. 300 $aIncludes postcript and addenda. 300 $aReproduction of the original in the British Library. 330 $aeebo-0018 700 $aKuhlmann$b Quirin$f1651-1689.$0204638 801 0$bCu-RivES 801 1$bCu-RivES 801 2$bCStRLIN 801 2$bWaOLN 906 $aBOOK 912 $a996390438303316 996 $aQuirini Kuhlmanni Kircheriana de arte magna sciendi sive combinatoria$92321854 997 $aUNISA